Analytický prístup ku kvantifikácii daňovej politiky.

Matematická formalizácia vplyvu agregovaných daní na základné makroekonomické veličiny. Vplyv prírastku autonómnych zložiek daní na prírastok čistého domáceho produktu. Matematické vyjadrenie vzťahu dane - úspory.

Saved in:
Bibliographic Details
Main Author: Ivaničová, Zlatica
Format: Book Chapter
Language:Slovak
Subjects:
Tags: Add Tag
No Tags, Be the first to tag this record!

MARC

LEADER 00000naa a2200000 4500
001 r007627
005 20220831080250.1
041 0 |a slo 
044 |a [CS] 
245 1 0 |a Analytický prístup ku kvantifikácii daňovej politiky.  |c Zlatica Ivaničová 
520 |a Matematická formalizácia vplyvu agregovaných daní na základné makroekonomické veličiny. Vplyv prírastku autonómnych zložiek daní na prírastok čistého domáceho produktu. Matematické vyjadrenie vzťahu dane - úspory. 
610 2 0 |a politika daňová 
610 2 0 |a dane 
610 2 0 |a úspory 
610 2 0 |a metódy ekonomicko-matematické 
610 2 0 |a produkt spoločenský čistý 
610 2 0 |a modely ekonomicko-matematické 
610 2 0 |a multiplikátor 
610 2 0 |a kvantifikácia 
100 1 |a Ivaničová, Zlatica